| 000 | 00360 a2200157 4500 | ||
|---|---|---|---|
| 001 | 61263 | ||
| 020 | _a9783126750868 | ||
| 040 | _cAnchieta - Pituba | ||
| 100 | _aBohm, Cornelia | ||
| 240 | 1 | 0 |
_aBerlin, Berlin _lpor |
| 245 | 1 | 0 | _aBerlin, Berlin |
| 300 | _a64 | ||
| 362 | 0 | _a2010 | |
| 650 | 4 | _aLínguas germânicas (teutônicas) língua alemã | |
| 942 | _cBK | ||
| 999 |
_c61263 _d61263 |
||